ARRUPE JESUIT UNIVERSITY

CORONAVIRUS -STOP THE SPREAD - CLEAN,DISINFECT,COVER

The Sociology of Black Africa (Record no. 6624)

MARC details
000 -LEADER
fixed length control field 00610nam a2200229Ia 4500
003 - CONTROL NUMBER IDENTIFIER
control field 0100
008 - FIXED-LENGTH DATA ELEMENTS--GENERAL INFORMATION
fixed length control field 130227s9999 xx 000 0 und d
040 ## - CATALOGING SOURCE
Transcribing agency ARRUPELIB
050 ## - LIBRARY OF CONGRESS CALL NUMBER
Classification number DT 330.B313 1970
100 ## - MAIN ENTRY--PERSONAL NAME
Personal name Balandier, Georges
9 (RLIN) 25890
245 #4 - TITLE STATEMENT
Title The Sociology of Black Africa
245 ## - TITLE STATEMENT
Remainder of title Social Dynamics in Central Africa
260 ## - PUBLICATION, DISTRIBUTION, ETC. (IMPRINT)
Name of publisher, distributor, etc Andre Deutsch
Place of publication, distribution, etc London
Date of publication, distribution, etc 1970
300 ## - PHYSICAL DESCRIPTION
Extent 540p.
300 ## - PHYSICAL DESCRIPTION
Other physical details 21cm.
650 ## - SUBJECT ADDED ENTRY--TOPICAL TERM
Topical term or geographic name as entry element Fan (Africa people)
9 (RLIN) 29918
650 ## - SUBJECT ADDED ENTRY--TOPICAL TERM
Topical term or geographic name as entry element Bakongo(Africa people)
9 (RLIN) 29919
942 ## - ADDED ENTRY ELEMENTS (KOHA)
Source of classification or shelving scheme Library of Congress Classification
Item type Monograph ( Printed materials)
Holdings
Withdrawn status Lost status Source of classification or shelving scheme Damaged status Not for loan Collection code Home library Current library Shelving location Date acquired Total Checkouts Full call number Barcode Date last seen Date last borrowed Copy number Price effective from Koha item type
    Library of Congress Classification     Main Collection ARRUPE LIBRARY ARRUPE LIBRARY   27/02/2013 1 DT 330.B313 1970 46408833 09/07/2018 02/08/2017 1 27/02/2013 Monograph ( Printed materials)

 

Arrupe Library. PO Box MP320 Mt Pleasant, Harare, Zimbabwe
263 242 745411|librarian@aju.ac.zw